000 01695cam a2200361 a 4500
001 3723
003 FISKH
005 20250613104106.0
008 040503s2005 nyuab j b 001 0beng
010 _a 2004008645
020 _a1404202439 (lib. bdg.)
040 _aDLC
_cDLC
_dDLC
_beng
043 _ae-sp---
_an------
_as------
050 0 0 _aE111
_b.W465 2005
082 0 0 _a970.01/5/092
_aB
_222
100 1 _aWest, David,
_d1956-
245 1 0 _aChristopher Columbus :
_bthe life of a master navigator and explorer /
_cby David West & Jackie Gaff ; illustrated by Ross Watton.
260 _aLondon :
_bBook House,
_c2005
300 _a48 pages :
_bchiefly color illustrations, color maps ;
_c26 cm
504 _aIncludes bibliographical references (p. 46) and index.
520 _aBefore Christopher Columbus's voyages to the West Indies and Central and South America, Europeans knew nothing of the Americas in the New World. His four journeys, beginning in 1492 and ending in 1504, blazed a sea route west across the Atlantic Ocean
521 8 _a600
_bLexile estimate
521 8 _aL
_bRaz-Plus estimate
600 1 0 _aColumbus, Christopher
_vJuvenile literature.
650 0 _aExplorers
_zAmerica
_vBiography
_vJuvenile literature.
650 0 _aExplorers
_zSpain
_vBiography
_vJuvenile literature.
651 0 _aAmerica
_xDiscovery and exploration
_xSpanish
_vJuvenile literature.
700 1 _aGaff, Jackie.
856 4 1 _3Table of contents
_uhttp://www.loc.gov/catdir/toc/ecip0417/2004008645.html
906 _a7
_bcbc
_corignew
_d1
_eecip
_f20
_gy-gencatlg
942 _2ddc
_cBK
_n0
999 _c3723
_d3723